Giovanni Althusius e lo sviluppo storico delle teorie politiche giusnaturalistiche. Cntributo alla storia della sistematica del derecho
Wedi'i Gadw mewn:
| Prif Awdur: | |
|---|---|
| Fformat: | Llyfr |
| Iaith: | Eidaleg |
| Cyhoeddwyd: |
Turín
Giulio Einaudi Editore
1974
|
| Cyfres: | Einaudi reprints, 4
|
| Pynciau: | |
| Tagiau: |
Ychwanegu Tag
Dim Tagiau, Byddwch y cyntaf i dagio'r cofnod hwn!
|
MARC
| LEADER | 00000nam a2200000 a 4500 | ||
|---|---|---|---|
| 001 | UCS7878 | ||
| 003 | CL-VaPUC | ||
| 008 | 971024e19740000IT |||||||||||||||||ita|d | ||
| 082 | 0 | 4 | |a 320.01 |b GIE |2 21 |
| 100 | |a Gierke, Otto von |e author |9 587658 | ||
| 245 | 1 | 0 | |a Giovanni Althusius e lo sviluppo storico delle teorie politiche giusnaturalistiche. Cntributo alla storia della sistematica del derecho |
| 300 | |a 249 p | ||
| 942 | |c BK | ||
| 945 | |d 19971024 00:00:00 |a aolguin | ||
| 260 | |a Turín |b Giulio Einaudi Editore |c 1974 | ||
| 600 | 0 | 7 | |a ALTHUSIUS, GIOVANNI |2 CL-VaPUC |9 392791 |
| 650 | 7 | |a FILOSOFIA POLITICA |2 CL-VaPUC |9 392792 | |
| 650 | 0 | |a Teoría del derecho |9 255982 | |
| 650 | 0 | |a Estado de derecho |9 257795 | |
| 650 | 0 | |a Estado |9 255503 | |
| 583 | |a last modification |c 19971024 00:00:00 |k Rodrigo Vera | ||
| 490 | 0 | |a Einaudi reprints, 4 | |
| 999 | |c 262622 |d 262620 | ||
| 952 | |0 0 |1 0 |4 0 |6 320_010000000000000_GIE_1974 |7 0 |8 DER_HIS |9 291322 |a BIBDER |b BIBDER |d 2019-11-19 |i 188980K |o 320.01 GIE 1974 |p 188980K |r 2023-01-25 |w 2019-11-19 |x Ubicación 4to Piso |y BK |z Estos recursos deben solicitarse con anticipación |k DER | ||